000 01452nam a2200361 a 4500
001 ebr10413307
003 CaPaEBR
006 m u
007 cr cn|||||||||
008 101013s1996 ua sb 000 0 eng d
020 _z9789774244001
020 _z9774244001
020 _z9781936190720 (e-book)
040 _aCaPaEBR
_cCaPaEBR
035 _a(OCoLC)655071847
041 0 _aeng
_aara
043 _af-ua---
050 1 4 _aHD87
_b.K67 1996eb
100 1 _aKorayem, Karima.
245 1 0 _aStructural adjustment, stabilization policies and the poor in Egypt
_h[electronic resource] /
_cby Karima Korayem.
260 _aCairo :
_bAmerican University in Cairo Press,
_c1996.
300 _a111 p.
490 1 _aCairo papers in social science ;
_vv. 18, no. 4, winter 1995/1996
504 _aIncludes bibliographical references (p. 104-110).
533 _aElectronic reproduction.
_bPalo Alto, Calif. :
_cebrary,
_d2011.
_nAvailable via World Wide Web.
_nAccess may be limited to ebrary affiliated libraries.
546 _aIn English with Arabic at end.
650 0 _aStructural adjustment (Economic policy)
650 0 _aSocial sciences
_zEgypt.
655 7 _aElectronic books.
_2local
710 2 _aebrary, Inc.
830 0 _aCairo papers in social science ;
_vv. 18, no. 4, winter 1995/1996.
856 4 0 _uhttp://site.ebrary.com/lib/rucke/Doc?id=10413307
_zAn electronic book accessible through the World Wide Web; click to view
999 _c87159
_d87159